Cliquez sur la bonne traduction en espagnol - Le corps humain - Statistiques

Statistiques générales
  • Ce quiz a été pris 276 fois
  • Le résultat moyen est 18 sur 27
Statistiques - réponses
Hint Réponse % Correct
Bouche Boca
96%
Nez Nariz
95%
Coeur Corazón
94%
Main Mano
93%
Poumons Pulmones
91%
Tête Cabeza
90%
Pied Pie
89%
Cerveau Cerebro
86%
Dent Diente
84%
Bras Brazos
83%
Reins Riñones
83%
Oreilles Oreja
81%
Yeux Ojos
80%
Cou Cuello
78%
Ventre Vientre
75%
Langue Lengua
74%
Cheveux Cabello
72%
Doigt Dedo
67%
Nombril Ombligo
53%
Jambe Pierne
40%
Dos Espalda
37%
Poignet Muñeca
34%
Seins Pecho
34%
Foie Hígado
29%
Joues Mejilla
28%
Fesses Nalgas
26%
Cuisse Muslo
17%
Aucun quiz correspondant
Distribution des résultats
% des personnes avec chaque résultat
Percentile par nombre de réponses
Votre historique - résultats
Vous n’avez pas pris ce quiz